000 03768nas1a22005291i 4500
001 RU\NLR\INFOCOMM18\1000239223
005 20260408120822.0
035 _a(NLR Aleph) 003155924
090 _a3052630
_c3052630
100 _a20050313a19959999|||y0rusy50 ca
101 0 _arus
102 _aRU
110 _aafuzz 0|y|
200 1 _aМиссионерское обозрение
_eИзд. РГ по планир. возрождения православ. миссии на канон. территории рус. православ. церкви
210 _aБелгород
_d1995-
510 1 _aMissionary review
_zeng
711 0 2 _aРабочая группа по планированию возрождения православной миссии на канонической территории русской православной церкви
_cМосква
_9359139
_3RU\NLR\AUTH\889931877
711 0 2 _aМосковская патриархия
_bМиссионерский отдел
_9724954
_3RU\NLR\AUTH\8810112645
711 0 2 _aМосковская патриархия
_bСинодальный миссионерский отдел
_9447380
_3RU\NLR\AUTH\880390896
712 0 2 _4570
_aРусская православная церковь
_bСинод
_9349087
_3RU\NLR\AUTH\889926674
801 2 _aRU
_bNLR
_c20080219
_2rusmarc
801 1 _aRU
_bInfoComm
_c20050313
801 0 _aRU
_bNLR
_gPSBO
852 _aNLR
_jП38/126
942 _cJOURNAL
980 _aRUSPER